[Event "Wch Blitz"]
[Site "Riadh"]
[Date "2017.12.29"]
[Round "6"]
[White "Alanazy, Mohammed"]
[Black "Masrahi, Abdulrahman A"]
[Result "1/2-1/2"]
[WhiteElo "1850"]
[BlackElo "1962"]
[PlyCount "98"]
[EventDate "2017.12.29"]
[EventType "swiss (blitz)"]
[EventRounds "21"]
[EventCountry "SAU"]
[SourceTitle "CBM 182 Extra"]
[Source "ChessBase"]
[SourceDate "2018.02.23"]
[SourceVersion "1"]
[SourceVersionDate "2018.02.23"]
[SourceQuality "1"]

1. e4 e5 2. Nf3 Nc6 3. d4 exd4 4. Nxd4 Bc5 5. Nxc6 Qf6 6. Qf3 dxc6 7. Qxf6 Nxf6 8. f3 Be6 9. Bg5 Nd7 10. Bh4 Ne5 11. Bf2 Bxf2+ 12. Kxf2 0-0-0 13. Be2 Nc4 14. Bxc4 Bxc4 15. Ke3 Rhe8 16. g4 g6 17. Kf4 f6 18. h4 h5 19. gxh5 gxh5 20. Rg1 Rg8 21. Na3 Be6 22. Rxg8 Rxg8 23. Rd1 Rg2 24. e5 f5 25. b3 b5 26. Rh1 Kd7 27. Rh3 Ke7 28. Rg3 Rxg3 29. Kxg3 Kf7 30. Kf4 Kg6 31. Nb1 c5 32. Nd2 a5 33. a3 a4 34. bxa4 bxa4 35. c3 Bd5 36. Nf1 Be6 37. Ne3 c6 38. Nd1 Bd5 39. Nb2 Bb3 40. Nd3 c4 41. Nc5 Bc2 42. e6 Kf6 43. Ke3 Bd1 44. f4 Bc2 45. Kd4 Bb3 46. Ke3 Bc2 47. Kd4 Bb3 48. Ke3 Bc2 49. Kd4 Bb3 1/2-1/2

[Event "Wch Rapid"]
[Site "Riadh"]
[Date "2017.12.26"]
[Round "1"]
[White "Alanazy, Mohammed"]
[Black "Adhiban, Baskaran"]
[Result "0-1"]
[WhiteElo "1850"]
[BlackElo "2655"]
[PlyCount "76"]
[EventDate "2017.12.26"]
[EventType "swiss (rapid)"]
[EventRounds "15"]
[EventCountry "SAU"]
[SourceTitle "CBM 182 Extra"]
[Source "ChessBase"]
[SourceDate "2018.02.23"]
[SourceVersion "1"]
[SourceVersionDate "2018.02.23"]
[SourceQuality "1"]

1. e4 g6 2. f4 d5 3. exd5 Nf6 4. Nf3 Nxd5 5. d4 Bg7 6. Bc4 0-0 7. 0-0 Nb6 8. Bb3 Na6 9. c3 c5 10. Be3 c4 11. Bc2 Nd5 12. Qd2 Bf5 13. Bxf5 gxf5 14. Qf2 e6 15. Nbd2 Rc8 16. Rfe1 Kh8 17. Nf1 Nf6 18. Ng3 Nc7 19. h3 Ncd5 20. Bd2 Rc7 21. Ne5 Bh6 22. Qf3 Rg8 23. Rf1 Rxg3 24. Qxg3 Ne4 25. Qe1 Nxd2 26. Qxd2 f6 27. Nf3 Nxf4 28. Qf2 Rg7 29. Qh4 Rxg2+ 30. Kh1 Bg5 31. Qxf4 Bxf4 32. Kxg2 Qg8+ 33. Kf2 Qg3+ 34. Ke2 Bh6 35. Rf2 Qf4 36. Rg1 Qe4+ 37. Kf1 Be3 38. Re2 Qxf3+ 0-1